<?xml version="1.0" encoding="UTF-8"?>
<record
    xmlns:xsi="http://www.w3.org/2001/XMLSchema-instance"
    xsi:schemaLocation="http://www.loc.gov/MARC21/slim http://www.loc.gov/standards/marcxml/schema/MARC21slim.xsd"
    xmlns="http://www.loc.gov/MARC21/slim">

  <leader>03382nab a2200325 i 4500</leader>
  <controlfield tag="003">BR-BrBNA</controlfield>
  <controlfield tag="005">20240708105016.0</controlfield>
  <controlfield tag="008">240708b2016    bl.qr|pooa||| 00| 0 por |</controlfield>
  <datafield tag="040" ind1=" " ind2=" ">
    <subfield code="a">BR-BrBNA</subfield>
    <subfield code="b">por</subfield>
  </datafield>
  <datafield tag="072" ind1=" " ind2=" ">
    <subfield code="a">E14</subfield>
  </datafield>
  <datafield tag="072" ind1=" " ind2=" ">
    <subfield code="a">S01</subfield>
  </datafield>
  <datafield tag="100" ind1=" " ind2=" ">
    <subfield code="a">Souza, A.D.Z.</subfield>
  </datafield>
  <datafield tag="100" ind1=" " ind2=" ">
    <subfield code="a">Heinen, H.M.</subfield>
  </datafield>
  <datafield tag="100" ind1=" " ind2=" ">
    <subfield code="a">Amestoy, S.C.</subfield>
  </datafield>
  <datafield tag="100" ind1=" " ind2=" ">
    <subfield code="a">Mendieta, M.C.</subfield>
  </datafield>
  <datafield tag="100" ind1=" " ind2=" ">
    <subfield code="a">Piriz, M.A.</subfield>
  </datafield>
  <datafield tag="100" ind1=" " ind2=" ">
    <subfield code="a">Heck, R.M.</subfield>
  </datafield>
  <datafield tag="245" ind1=" " ind2=" ">
    <subfield code="a">O Processo de trabalho dos enfermeiros da aten&#xE7;&#xE3;o prim&#xE1;ria e a Pol&#xED;tica Nacional de Plantas Medicinais/Fitoter&#xE1;picos</subfield>
  </datafield>
  <datafield tag="500" ind1=" " ind2=" ">
    <subfield code="a">Publica&#xE7;&#xE3;o on-line; 20 ref.; 2 tables; Summaries (En, Pt)</subfield>
  </datafield>
  <datafield tag="520" ind1=" " ind2=" ">
    <subfield code="a">

RESUMO: 

O estudo objetivou conhecer o processo de trabalho dos enfermeiros da aten&#xE7;&#xE3;o
prim&#xE1;ria em rela&#xE7;&#xE3;o &#xE0; Pol&#xED;tica Nacional de Plantas Medicinais e Fitoter&#xE1;picos. O referencial
foi baseado em Guareschi e Kleinman. A abordagem foi qualitativa, descritiva. Fizeram parte
dos estudos enfermeiros de 21 munic&#xED;pios da regi&#xE3;o Sul do estado do Rio Grande do Sul.
Os dados foram coletados por question&#xE1;rio autoadministrado, no per&#xED;odo de junho a agosto
de 2013. A an&#xE1;lise seguiu a proposta operativa de Minayo, emergindo dois temas: processo
de trabalho dos enfermeiros e a Pol&#xED;tica Nacional de Plantas Medicinais e Fitoter&#xE1;picos;
viabiliza&#xE7;&#xE3;o desta na aten&#xE7;&#xE3;o prim&#xE1;ria. Observou-se o desconhecimento da pol&#xED;tica, apesar
de ter sido constatado a indica&#xE7;&#xE3;o de plantas medicinais no processo de trabalho. A pol&#xED;tica
&#xE9; vi&#xE1;vel quando o enfermeiro organiza grupos, coloca em pr&#xE1;tica o di&#xE1;logo interdisciplinar, e
contempla a quest&#xE3;o dos aspectos culturais do usu&#xE1;rio.

Palavras-chave: Plantas medicinais. Formula&#xE7;&#xE3;o de pol&#xED;ticas. Enfermagem. Aten&#xE7;&#xE3;o Prim&#xE1;ria
&#xE0; sa&#xFA;de.</subfield>
  </datafield>
  <datafield tag="520" ind1=" " ind2=" ">
    <subfield code="a">

ABSTRACT: 

The nurses&#x2019; work process of Primary Health Care and the National Politics
of MedicinalPlants/Phytoterapies. This study aimed to understand nurses&#x2019; work processes in
primary health care in relation to the National Politics of Medicinal Plants and Phytotherapies.
The referential was based on Guareschi and Kleinman. The approach was qualitative and
descriptive. Nurses from 21 towns of Southern Rio Grande do Sul participated. Data collection
was a self-administrated questionnaire, in the period of June to August of 2013. The analysis
followed Minayo&#x2019;s operative proposal, two themes emerged: nurses&#x2019; work processes and the
National Politics of Medicinal Plants and Phytotherapies and the viability of this in primary health
care. The ignorance of the policy, but they indicate medicinal plants in the work process. The
policy is practicable, when the nurses make groups, put the interdisciplinary dialogue in practice
and contemplate the users&#x2019; cultural aspects.

Keywords: Plants, Medicinal Policy making, Nursing, Primary healthcare.</subfield>
  </datafield>
  <datafield tag="650" ind1=" " ind2=" ">
    <subfield code="a">PLANTA MEDICINAL</subfield>
  </datafield>
  <datafield tag="650" ind1=" " ind2=" ">
    <subfield code="a">POL&#xCD;TICAS P&#xDA;BLICAS</subfield>
  </datafield>
  <datafield tag="650" ind1=" " ind2=" ">
    <subfield code="a">ENFERMAGEM</subfield>
  </datafield>
  <datafield tag="650" ind1=" " ind2=" ">
    <subfield code="a">ATEN&#xC7;&#xC3;O PRIM&#xC1;RIA &#xC0; SA&#xDA;DE</subfield>
  </datafield>
  <datafield tag="773" ind1="0" ind2=" ">
    <subfield code="0">3543</subfield>
    <subfield code="9">316438</subfield>
    <subfield code="d">Botucatu-SP Instituto de Bioci&#xEA;ncias - Departamento de Qu&#xED;mica e Bioqu&#xED;mica 1998</subfield>
    <subfield code="o">2024-2930</subfield>
    <subfield code="t">Revista Brasileira de Plantas Medicinais (Brazil)</subfield>
    <subfield code="x">1516-0572</subfield>
    <subfield code="g">v. 18(2) p. 480-487; (2016)</subfield>
    <subfield code="w">BR2024001494</subfield>
  </datafield>
  <datafield tag="856" ind1=" " ind2=" ">
    <subfield code="u">https://www.scielo.br/j/rbpm/a/mBjCQnTv84Rm7WZKLzgtg3F/?format=pdf&amp;lang=pt</subfield>
  </datafield>
  <datafield tag="942" ind1=" " ind2=" ">
    <subfield code="c">Anal&#xED;tica</subfield>
  </datafield>
  <datafield tag="999" ind1=" " ind2=" ">
    <subfield code="c">300438</subfield>
    <subfield code="d">300438</subfield>
  </datafield>
</record>
